MARC

LEADER 00000nam0a2200000 4500
001 288541
005 20231102000111.0
020 |a RU  |b 84-59032 
035 |a (RuTPU)RU\TPU\book\313018 
090 |a 288541 
100 |a 20150325d1984 m y0rusy5003 ca 
101 0 |a rus 
102 |a RU 
105 |a a j 001zy 
200 1 |a Статистические методы обработки сигналов  |e конспект лекций  |f Рыжов В. П., Федосов В. П.  |g Таганрогский радиотехнический институт (ТРТИ) 
210 |a Таганрог  |c Изд-во ТРТИ  |d 1984 
215 |a 54 с.  |c ил. 
320 |a Библиогр.: с. 53 
606 1 |a Сигналы случайные распознавание  |x Статистика методы изучения  |2 stltpush  |3 (RuTPU)RU\TPU\subj\54739  |9 72844 
610 1 |a обработка 
610 1 |a случайные процессы 
610 1 |a вероятностные методы 
610 1 |a временные характеристики 
610 1 |a классификация 
610 1 |a прохождение 
610 1 |a анализ 
610 1 |a помехи 
610 1 |a учебные пособия 
675 |a 621.391:51(075.8)  |z rus  |v 4 
700 1 |a Рыжов  |b В. П.  |g Владимир Петрович 
701 1 |a Федосов  |b В. П.  |g Валентин Петрович 
712 0 2 |a Таганрогский радиотехнический институт (ТРТИ)  |c (1952-1993)  |2 stltpush  |3 (RuTPU)RU\TPU\col\12259 
801 0 |a RU  |b RuMRKP  |c 19950704  |g psbo 
801 1 |a RU  |b 63413507  |c 20150325 
801 2 |a RU  |b 63413507  |c 20170706  |g RCR 
942 |c BK